La lengua española en Suiza (Record no. 122409)

MARC details
000 -LEADER
campo de control de longitud fija 00634nam a2200181 4500
001 - NÚMERO DE CONTROL
campo de control 122409
003 - IDENTIFICADOR DE NÚMERO DE CONTROL
campo de control ES-MaACL
005 - FECHA Y HORA DE LA ÚLTIMA TRANSACCIÓN
campo de control 20230906191955.0
007 - CAMPO FIJO DE DESCRIPCIÓN FÍSICA--INFORMACIÓN GENERAL
campo de control de longitud fija t|
008 - DATOS DE LONGITUD FIJA--INFORMACIÓN GENERAL
campo de control de longitud fija 070214s1964 sp r ||||1| spa d
100 1# - ENTRADA PRINCIPAL--NOMBRE DE PERSONA
Nombre de persona Poyán Díaz, Daniel.
9 (RLIN) 93515
245 13 - MENCIÓN DEL TÍTULO
Título La lengua española en Suiza
Resto del título : consideraciones sobre el futuro /
Mención de responsabilidad, etc. Daniel Poyán Díaz.
260 ## - PUBLICACIÓN, DISTRIBUCIÓN, ETC.
Lugar de publicación, distribución, etc. Madrid :
Nombre del editor, distribuidor, etc. Cultura Hispánica,
Fecha de publicación, distribución, etc. 1964.
300 ## - DESCRIPCIÓN FÍSICA
Extensión 2 h. ;
Dimensiones 25 cm.
595 ## -
-- Tirada aparte de: Presente y futuro de la lengua española. Madrid : Cultura Hispánica, 1964, v. 1.
650 #4 - PUNTO DE ACCESO ADICIONAL DE MATERIA--TÉRMINO DE MATERIA
Término de materia o nombre geográfico como elemento de entrada Lengua española-
Subdivisión geográfica Suiza.
9 (RLIN) 172678
852 ## - LOCALIZACIÓN
Ubicación ES-MaACL
Número de control de estantería 2045-F-22
Holdings
Estatus retirado Estado de pérdida Estado de daño No para préstamo Colección Biblioteca de origen Biblioteca actual Ubicación en estantería Fecha de adquisición Fuente de adquisición Total de préstamos Signatura topográfica completa Código de barras Visto por última vez Precio de reemplazo Tipo de ítem Koha
        Colección de folletos Biblioteca del Ateneo de Madrid Biblioteca del Ateneo de Madrid Depósito folletos 17/01/2008     2045-F-22 1127557 23/02/2023 23/02/2023 Folleto